000 00840nam a22002417a 4500
005 20170124110145.0
010 _aA-821404
020 _c00.00
_a8185814589
035 _aA-821404
037 _bCen Lib/Ret
040 _aDPL
_bEN
082 _a658.8
_bFRA
100 _aFraser-Robinson, John
_933344
245 _aTotal quality marketing :
_cby John Fraser-Robinson [and] Pip Mosscrop
_bwhat has to come next in sales, marketing and advertising /
260 _aNew Delhi
_c1995
_bWheeler publishing
270 _bNew Delhi
_a411, Surya kiran, 19 K.G. marg
_e110001
300 _a256.
_c20cm(Hb)
500 _aIncludes bibliographical references and index
650 _aMarketing
_x
_933345
650 _aTotal quality marketing
_933346
700 _aMosscrop, Pip
_933347
942 _2ddc
_cEN
_h658.8
_mFRA
999 _c131966
_d131966